| 000 | 00821nam a2200241Ia 4500 | ||
|---|---|---|---|
| 003 | OSt | ||
| 005 | 20220923221852.0 | ||
| 006 | a|||||r|||| 00| 0 | ||
| 007 | ta | ||
| 008 | 220922b |||||||| |||| 00| 0 hin d | ||
| 024 | _a200,657 | ||
| 037 | _cTextual | ||
| 040 |
_aARTS _cARTS _bhin |
||
| 041 |
_2hin _ahin |
||
| 082 | _aV2:3(Q7).N<--K, 152M0-;1 | ||
| 100 |
_aदीक्षित, प्रभा _9156369 |
||
| 245 | 0 | _aसांप्रदायिकता का ऐतिहासिक संदर्भ | |
| 246 | _aSāanpradāyikatā kā aitihāsik sandarbha | ||
| 260 |
_aदिल्ली _b मैकमिलन _c1980 |
||
| 300 |
_a198पृ. _ccm. |
||
| 942 |
_hV2:3(Q7).N<--K, 152M0-;1 _cTEXL _2CC |
||
| 999 |
_c352329 _d352329 |
||